| 000 | 00719nam a22002415a 4500 | ||
|---|---|---|---|
| 999 |
_c27486 _d27457 |
||
| 005 | 20190528093819.0 | ||
| 008 | 190527s2018 ua fr 001 0 eng d | ||
| 020 | _a9789770488195 | ||
| 040 |
_aEG-ScBUE _beng _cEG-ScBUE _dEG-ScBUE |
||
| 082 | 0 | 4 |
_a346.02 _bBAM _222 |
| 100 | 1 | _aBamodu, Gbenga. | |
| 245 | 1 | 3 |
_aEnglish contract law / _cGbenga Bamodu. |
| 260 |
_aCairo : _bDar Al Nahda Al Arabia, _c2018. |
||
| 300 |
_a260 p. ; _c24 cm. |
||
| 500 | _aIncludes index. | ||
| 500 | _aIncludes glossary. | ||
| 541 | _aDr. Gbenga Bamodu ; | ||
| 650 | 7 |
_aContracts _zGreat Britain. _2BUEsh _940386 |
|
| 650 | 7 |
_aContracts _zEgypt. _2BUEsh |
|
| 651 | _2BUEsh | ||
| 653 |
_bLLAAWW _cMay2019 |
||
| 942 | _2ddc | ||